| 000 | 00616nam a22001695i 4500 | ||
|---|---|---|---|
| 001 | 156892 | ||
| 003 | ES-MaACL | ||
| 005 | 20230906210526.0 | ||
| 008 | 040804s1835 fr |||| | fre d | ||
| 040 |
_aCAM _bspa _cCAM |
||
| 100 | 1 |
_aLagrange, Eugène. _9128593 |
|
| 245 | 1 | 0 |
_aManuel pour les aspirants au grade de candidat en droit / _cpar E. Lagrange. |
| 250 | _a3e éd. | ||
| 260 |
_aBruxelles : _bLibrairie de Jurisprudence de H. Tarlier, _c1835 ( _fImprimerie de Weisssenbrugh Père) |
||
| 300 |
_a489 p. ; _c17 cm. |
||
| 852 |
_aES-MaACL _jD-1640 _z-- Rúst., deteriorada _z-- Legado de Modesto de la Fuente |
||
| 999 |
_c156892 _d156892 |
||